| 000 | 01699nam a2200337 a 4500 | ||
|---|---|---|---|
| 001 | ebr10314632 | ||
| 003 | CaPaEBR | ||
| 006 | m u | ||
| 007 | cr cn||||||||| | ||
| 008 | 081029s2009 mau s 001 0 eng d | ||
| 010 | _z 2008940612 | ||
| 020 | _z9781598638639 (pbk.) | ||
| 020 | _z1598638637 (pbk.) | ||
| 040 |
_aCaPaEBR _cCaPaEBR |
||
| 035 | _a(OCoLC)560645628 | ||
| 050 | 1 | 4 |
_aML3790 _b.G768 2009eb |
| 100 | 1 |
_aGrierson, Don, _cmusic consultant. |
|
| 245 | 1 | 0 |
_aIt all begins with the music _h[electronic resource] : _bdeveloping successful artists and careers for the new music business / _cDon Grierson and Dan Kimpel. |
| 260 |
_aBoston, MA : _bCourse Technology, _cc2009. |
||
| 300 | _axxx, 258 p. | ||
| 500 | _aIncludes index. | ||
| 505 | 0 | _aThe songwriter -- The artist -- The A&R exec/The label -- The producer -- The mixer -- The manager -- Film/TV -- The lawyer -- New days, new directions, new ideas -- The publisher -- The performing rights organization -- The American idol -- Music as the international language. | |
| 520 | _aAn examination of the various professions in the music business, with examples and interview excerpts of individuals in these fields. | ||
| 533 |
_aElectronic reproduction. _bPalo Alto, Calif. : _cebrary, _d2013. _nAvailable via World Wide Web. _nAccess may be limited to ebrary affiliated libraries. |
||
| 650 | 0 |
_aMusic trade _xVocational guidance. |
|
| 650 | 0 |
_aMusic _xVocational guidance. |
|
| 655 | 7 |
_aElectronic books. _2local |
|
| 700 | 1 |
_aKimpel, Dan, _d1952- |
|
| 710 | 2 | _aebrary, Inc. | |
| 856 | 4 | 0 |
_uhttp://site.ebrary.com/lib/rucke/Doc?id=10314632 _zAn electronic book accessible through the World Wide Web; click to view |
| 999 |
_c57854 _d57854 |
||